<?xml version="1.0" encoding="UTF-8"?>
<record
    xmlns:xsi="http://www.w3.org/2001/XMLSchema-instance"
    xsi:schemaLocation="http://www.loc.gov/MARC21/slim http://www.loc.gov/standards/marcxml/schema/MARC21slim.xsd"
    xmlns="http://www.loc.gov/MARC21/slim">

  <leader>01976cam a2200385 a 4500</leader>
  <controlfield tag="001">18301236</controlfield>
  <controlfield tag="003">OSt</controlfield>
  <controlfield tag="005">20240530110621.0</controlfield>
  <controlfield tag="008">140913s2011    ua a     b    000 0 fre c</controlfield>
  <datafield tag="020" ind1=" " ind2=" ">
    <subfield code="a">9782724705546</subfield>
  </datafield>
  <datafield tag="040" ind1=" " ind2=" ">
    <subfield code="c">EG-CAGPL</subfield>
  </datafield>
  <datafield tag="082" ind1=" " ind2=" ">
    <subfield code="2">21</subfield>
    <subfield code="a">341.522\</subfield>
    <subfield code="b">A L</subfield>
  </datafield>
  <datafield tag="100" ind1="1" ind2=" ">
    <subfield code="6">880-01</subfield>
    <subfield code="a">&#x2BB;Askar&#x12B;, Ab&#x16B; Hil&#x101;l al-&#x1E24;asan ibn &#x2BB;Abd All&#x101;h.</subfield>
  </datafield>
  <datafield tag="245" ind1="1" ind2="3">
    <subfield code="a">Le Livre des califes qui s'en remirent au jugement d'un cadi /</subfield>
    <subfield code="c">Ab&#x16B; Hil&#x101;l al-&#x2BB;Askar&#x12B; ; &#xE9;dition et traduction Mathieu Tillier.</subfield>
  </datafield>
  <datafield tag="246" ind1="1" ind2="5">
    <subfield code="6">880-02</subfield>
    <subfield code="a">Kit&#x101;b m&#x101; i&#x1E25;takama bi-hi al-khulaf&#x101;&#x2BC; il&#xE1; al-qu&#x1E0D;&#x101;h</subfield>
  </datafield>
  <datafield tag="260" ind1=" " ind2=" ">
    <subfield code="a">Le Caire :</subfield>
    <subfield code="b">Institut fran&#xE7;ais d'arch&#xE9;ologie orientale,</subfield>
    <subfield code="c">2011.</subfield>
  </datafield>
  <datafield tag="300" ind1=" " ind2=" ">
    <subfield code="a">53, 40 pages :</subfield>
    <subfield code="b">illustrations ;</subfield>
    <subfield code="c">28 cm.</subfield>
  </datafield>
  <datafield tag="336" ind1=" " ind2=" ">
    <subfield code="a">text</subfield>
    <subfield code="b">txt</subfield>
    <subfield code="2">rdacontent</subfield>
  </datafield>
  <datafield tag="337" ind1=" " ind2=" ">
    <subfield code="a">unmediated</subfield>
    <subfield code="b">n</subfield>
    <subfield code="2">rdamedia</subfield>
  </datafield>
  <datafield tag="338" ind1=" " ind2=" ">
    <subfield code="a">volume</subfield>
    <subfield code="b">nc</subfield>
    <subfield code="2">rdacarrier</subfield>
  </datafield>
  <datafield tag="490" ind1="1" ind2=" ">
    <subfield code="a">Cahier des Annales islamologiques ;</subfield>
    <subfield code="v">30</subfield>
  </datafield>
  <datafield tag="504" ind1=" " ind2=" ">
    <subfield code="a">Includes bibliographical references.</subfield>
  </datafield>
  <datafield tag="520" ind1=" " ind2=" ">
    <subfield code="a">Edition, translation and study of a work of Ab&#x16B; Hil&#x101;l al-&#x2BB;Askar&#x12B;, writer, poet, lexicographer and legal scholar of the Abbasid period, in which are identified situations where Muslim rulers were subject to judgments cadis. Includes text of original.</subfield>
  </datafield>
  <datafield tag="546" ind1=" " ind2=" ">
    <subfield code="a">French and Arabic.</subfield>
  </datafield>
  <datafield tag="650" ind1=" " ind2="0">
    <subfield code="a">Kings and rulers</subfield>
    <subfield code="x">Conduct of life</subfield>
    <subfield code="v">Early works to 1800.</subfield>
  </datafield>
  <datafield tag="650" ind1=" " ind2="0">
    <subfield code="a">Education of princes</subfield>
    <subfield code="v">Early works to 1800.</subfield>
  </datafield>
  <datafield tag="650" ind1=" " ind2="0">
    <subfield code="a">Islamic ethics</subfield>
    <subfield code="v">Early works to 1800.</subfield>
  </datafield>
  <datafield tag="650" ind1=" " ind2="0">
    <subfield code="a">Judges (Islamic law)</subfield>
  </datafield>
  <datafield tag="650" ind1=" " ind2="0">
    <subfield code="a">Justice, Administration of (Islamic law)</subfield>
  </datafield>
  <datafield tag="700" ind1="1" ind2="2">
    <subfield code="a">&#x2BB;Askar&#x12B;, Ab&#x16B; Hil&#x101;l al-&#x1E24;asan ibn &#x2BB;Abd All&#x101;h.</subfield>
    <subfield code="t">M&#x101; i&#x1E25;takama bi-hi al-khulaf&#x101;&#x2BC; il&#xE1; al-qu&#x1E0D;&#x101;h.</subfield>
  </datafield>
  <datafield tag="700" ind1="1" ind2="2">
    <subfield code="a">&#x2BB;Askar&#x12B;, Ab&#x16B; Hil&#x101;l al-&#x1E24;asan ibn &#x2BB;Abd All&#x101;h.</subfield>
    <subfield code="t">M&#x101; i&#x1E25;takama bi-hi al-khulaf&#x101;&#x2BC; il&#xE1; al-qu&#x1E0D;&#x101;h.</subfield>
    <subfield code="l">French.</subfield>
  </datafield>
  <datafield tag="880" ind1="1" ind2=" ">
    <subfield code="6">100-01/(3/r</subfield>
    <subfield code="a">&#x639;&#x633;&#x643;&#x631;&#x64A;&#x60C; &#x627;&#x628;&#x648; &#x647;&#x644;&#x627;&#x644; &#x627;&#x644;&#x62D;&#x633;&#x646; &#x628;&#x646; &#x639;&#x628;&#x62F; &#x627;&#x644;&#x644;&#x647;.</subfield>
  </datafield>
  <datafield tag="880" ind1="1" ind2="5">
    <subfield code="6">246-02/(3/r</subfield>
    <subfield code="a">&#x643;&#x62A;&#x627;&#x628; &#x645;&#x627; &#x627;&#x62D;&#x62A;&#x643;&#x645; &#x628;&#x647; &#x627;&#x644;&#x62E;&#x644;&#x641;&#x627;&#x621; &#x625;&#x644;&#x649; &#x627;&#x644;&#x642;&#x636;&#x627;&#x629;</subfield>
  </datafield>
  <datafield tag="942" ind1=" " ind2=" ">
    <subfield code="2">ddc</subfield>
    <subfield code="c">BK</subfield>
  </datafield>
  <datafield tag="999" ind1=" " ind2=" ">
    <subfield code="c">63052</subfield>
    <subfield code="d">63052</subfield>
  </datafield>
  <datafield tag="952" ind1=" " ind2=" ">
    <subfield code="0">0</subfield>
    <subfield code="1">0</subfield>
    <subfield code="2">ddc</subfield>
    <subfield code="4">0</subfield>
    <subfield code="7">0</subfield>
    <subfield code="a">CAI</subfield>
    <subfield code="b">CAI</subfield>
    <subfield code="c">MAIN-LIBRARY</subfield>
    <subfield code="d">2016-12-20</subfield>
    <subfield code="l">0</subfield>
    <subfield code="o">341.522\ A L</subfield>
    <subfield code="p">163004</subfield>
    <subfield code="r">2016-12-20 00:00:00</subfield>
    <subfield code="w">2016-12-20</subfield>
    <subfield code="y">BK</subfield>
  </datafield>
</record>
